|
|
|
|
| LEADER |
00000naa2a2200000 4500 |
| 001 |
217715 |
| 005 |
20260423145728.0 |
| 035 |
|
|
|a (RuTPU)RU\TPU\book\237717
|
| 035 |
|
|
|a RU\TPU\book\237713
|
| 090 |
|
|
|a 217715
|
| 100 |
|
|
|a 20120607d1972 k y0rusy50 ca
|
| 101 |
0 |
|
|a rus
|
| 102 |
|
|
|a UZ
|
| 200 |
1 |
|
|a Выбор гидроциклона для выделения ртути из ртутьсодержащих пульп
|f В. М. Полонский, Н. У. Ризаев, У. А. Саидахмедов
|
| 320 |
|
|
|a Библиогр.: с. 114 (5 назв.)
|
| 463 |
|
1 |
|0 (RuTPU)RU\TPU\book\237642
|t Обогащение руд цветных металлов (некоторые вопросы теории и практики)
|o сборник научных трудов
|f Среднеазиатский научно-исследовательский и проектный институт цветной металлургии
|v С. 109-114
|d 1972
|s Научные труды ; № 5
|
| 700 |
|
1 |
|a Полонский
|b В. М.
|
| 701 |
|
1 |
|a Ризаев
|b Н. У.
|
| 701 |
|
1 |
|a Саидахмедов
|b У. А.
|
| 801 |
|
1 |
|a RU
|b 63413507
|c 20120607
|
| 801 |
|
2 |
|a RU
|b 63413507
|c 20120607
|g RCR
|
| 942 |
|
|
|c BK
|